Normal view MARC view

Entry Topical Term

Number of records used in: 1

001 - CONTROL NUMBER

  • control field: 33442

003 - CONTROL NUMBER IDENTIFIER

  • control field: OSt

005 - DATE AND TIME OF LATEST TRANSACTION

  • control field: 20220927161040.0

008 - FIXED-LENGTH DATA ELEMENTS

  • fixed length control field: 220927|| aca||aabn | a|a d

040 ## - CATALOGING SOURCE

  • Original cataloging agency: OSt
  • Transcribing agency: OSt

150 ## - HEADING--TOPICAL TERM

  • Topical term or geographic name entry element: Prismatic societies, Social transformation, Seminal research, Ecological model, Development strategies.

670 ## - SOURCE DATA FOUND

  • Source citation: Work cat.: (OSt): Basu, Rumki 33441, Revisiting Fred W. Riggs’ model in the context of ‘prismatic’ societies today

Powered by Koha